1972 1356 1313 1647 1153 1043 1309 1249 1828 1709 1504 1602 1505 1657 1799 1227 1703 1840 1882 1491 1557 1339 1528 1454 1644 1437 1742 1999 1069 1015 1663 1638 1827 1381 1965 1744 1408 1388 1670 1292 1005 1462 1769 1994 1116 1706 1252 1145 1823 1787 1400 1309 1613 1744 1539 1597 1766 1291 1519 1372 1294 1414 1423 1626 1085 1032 1944 1293 1037 1839 1072 1122 1494 1372 1698 1648 1822 1539 1621 1490 1577 1192 1863 1076 1522 1478 1350 1432 1013 1857 1548 1704 1566 1615 1407 1894 1627 1505 1570 BCNSPRNW ULIB Ver.6.0+V

เปลี่ยนเป็นภาษาไทย

Change to English
 แสดงรายละเอียดบรรณานุกรม
  กลับหน้าหลัก

Brief Record : Get Marc (ISO 2709) : E-mail record : QR code < ปิดหน้าต่าง
LEADER : 00000nam 2200000uu 4500
001    13399123231
003     ULIB
008    020711s2552 th a 000 0 tha d
050 14 LB1027^bส111ค
110    กระทรวงการท่องเที่ยวและกีฬา.^bกรมพลศึกษา.^bสถาบันพัฒนาบุคลากรการพลศึกษาและการกีฬา.
245    คู่มือผู้ตัดสินกีฬามวยสากลสมัครเล่น/^cสถาบันพัฒนาบุคลากรการพลศึกษาและการกีฬา
260    กรุงเทพฯ :^bโรงพิมพ์สหกรณ์การเกษตรแห่งประเทศไทย,^c2552
300    141 หน้า;^b26 ซม.
650    มวยสากลสมัครเล่น
945    ^p0^l0^i20362
999    ^aทศพร เกษรทอง
รายการนี้ยังไม่มีแท็ก
คุณยังไม่ได้ล็อกอิน คุณสามารถมีกิจกรรมร่วมกับเว็บไซต์ได้ แต่ต้องล็อกอินก่อน ::
  ล็อกอิน

รายการสื่อสารสนเทศ

ลำดับที่ ประเภท เลขเรียก/บาร์โค้ด สถานที่ สถานะ
1. การศึกษาทั่วไป
การศึกษาทั่วไป
LB1027 ส111ค ฉ.1 
  Barcode: 20362
ห้องสมุดวิทยาเขตนครสวรรค์
►หนังสือทั่วไป:l:General Books
บนชั้น
Note:อภินันทนาการ

BibComment


ยังไม่เคยถูกคอมเมนท์

คอมเมนท์ทรัพยากรรายการนี้
  คอมเมนท์: คู่มือผู้ตัดสินกี..


 Copyright 2026. Bcnsprnw @Library